Vpred k víťazstvu

Bibliographic Details
Main Author: Fursov, Andrej Il'jič, 1951- (Author, Author of introduction, etc.)
Other Authors: Chelemendiková, Polina (Translator)
Format: Book
Language:Slovak
Russian
PhysicalDescription:417 strán 22 cm
Published: Kežmarok Torden 2023
ISBN:9788082231642
Edition:Vydanie I.
Subjects:

MARC

LEADER 00000nam a2200000 4500
001 vtls012242425
003 SK-MaSNL
005 20260301225403.0
008 231023s2023 xo grn 000 0dslo
015 |a SNBA2024/01 
020 |a 9788082231642  |q (viazané) 
040 |a SNK  |b slo  |c SNK  |e rda 
041 1 |a slo  |h rus 
043 |a e -ru--- 
044 |a xo  |c SK 
072 7 |a 94(47+57)  |x Dejiny ZSSR a Ruska  |2 konspekt 
080 |a 94(100)  |2 2011 
080 |a 330.342.14  |2 2011 
080 |a 32:911.3  |2 2011 
080 |a 321.74  |2 2011 
080 |a 32-043.86  |2 2011 
080 |a (047.53)  |2 2011 
080 |a (046)  |2 2011 
080 |a (470+571)  |2 2011 
080 |a 328/329  |2 2011 
080 |a (048.8)  |2 2011 
080 |a (0:82-4)  |2 2011 
100 1 |a Fursov, Andrej Il'jič,  |d 1951-  |4 aut  |4 aui  |9 367249 
240 1 0 |a Vpered, k pobede 4! Russkij uspech v retrospektive i perspektive  |l Slovensky 
245 1 0 |a Vpred k víťazstvu  |c Andrej Fursov ; preklad: Polina Chelemendiková 
250 |a Vydanie I. 
264 1 |a Kežmarok  |b Torden  |c 2023 
300 |a 417 strán  |c 22 cm 
336 |a text  |b txt  |2 rdacontent 
337 |a bez média  |b n  |2 rdamedia 
338 |a zväzok  |b nc  |2 rdacarrier 
500 |a Obsahuje poznámky pod čiarou 
500 |a Obsahuje profesijné údaje o autorovi na zadnej strane obálky publikácie 
504 |a Obsahuje bibliografické odkazy 
650 0 7 |a svetové dejiny  |2 SNKPH  |9 4037 
650 0 7 |a kapitalizmus  |2 SNKPH  |9 4060 
650 0 7 |a Capitalism  |2 SNKPHeng  |9 306427 
650 0 7 |a World history  |2 SNKPH  |9 275271 
650 0 7 |a geopolitika  |2 SNKPH  |9 4679 
650 0 7 |a Geopolitics  |2 SNKPHeng  |9 315868 
650 0 7 |a politický vývoj  |2 SNKPH  |9 67276 
650 0 7 |a Political evolution  |2 SNKPHeng  |9 311562 
650 0 7 |a socializmus  |2 SNKPH  |9 2151 
650 0 7 |a Socialism  |2 SNKPHeng  |9 283036 
650 0 7 |a politika a vláda  |2 SNKPH  |9 3868 
650 0 7 |a Politics and government  |2 SNKPHeng  |9 280895 
651 7 |a Rusko  |x dejiny  |2 SNKPHgeo  |9 163063 
651 7 |a Russia  |x History  |2 SNKPHeng  |9 101487 
655 7 |a monografie  |2 SNKPH  |9 70139 
655 7 |a Monographs  |2 SNKPHeng  |9 120675 
655 7 |a články  |2 SNKPH  |9 70601 
655 7 |a Journal articles  |2 SNKPHeng  |9 279737 
655 7 |a rozhovory  |2 SNKPH  |9 31831 
655 7 |a Interviews  |2 SNKPHeng  |9 266520 
655 7 |a úvahy  |2 SNKPH  |9 29403 
655 7 |a Essays  |2 SNKPHeng  |9 267540 
700 1 |a Chelemendiková, Polina  |4 trl  |9 213553 
700 1 |a Drakovič, Ľuboš  |4 bkd  |9 397953 
852 |a Slovenská národná knižnica 
919 |a 978-80-8223-164-2 
954 |a odborná, vedecká literatúra cudzojazyčná (svetová)  |2 lita 
958 |a NB 
958 |a OP 
968 |b RUS 
999 |c 950697  |d 952627 
952 |a SNK  |b SNK  |y PREZ  |7 0  |p 17A1536131  |o snkSC 203955  |i snk2023/15351  |8 0  |0 0  |1 0  |4 0  |d 2023-10-23  |l 0  |r 2025-10-28 00:00:00  |w 2026-02-24 
952 |a SNK  |b SNKPULT  |y VYP  |7 0  |p 17A1536132  |o snkSC 203955 D1  |i snk2023/15352  |8 0  |0 0  |1 0  |4 0  |d 2023-10-23  |l 1  |m 2  |q 2026-05-15  |r 2026-02-28 18:21:44  |s 2026-02-28  |w 2026-02-24